Comentario al sermón de la cena
Saved in:
| Main Author: | |
|---|---|
| Format: | Book |
| Language: | Spanish |
| Published: |
Madrid
Biblioteca de Autores Cristianos
1951
|
| Subjects: | |
| Tags: |
Add Tag
No Tags, Be the first to tag this record!
|
MARC
| LEADER | 00000nam a2200000 a 4500 | ||
|---|---|---|---|
| 001 | UCM9895 | ||
| 003 | CL-VaPUC | ||
| 008 | 030530e19510000SP |||||||||||||||||spa|d | ||
| 082 | 0 | 4 | |a 232.958 |b BOV |2 21 |
| 100 | |a Bover, José María |e author |9 476510 | ||
| 245 | 1 | 0 | |a Comentario al sermón de la cena |
| 300 | |a 324 p | ||
| 942 | |c BK | ||
| 945 | |d 20030530 00:00:00 |a rbrito | ||
| 260 | |a Madrid |b Biblioteca de Autores Cristianos |c 1951 | ||
| 600 | 0 | |a Jesús |9 313614 | |
| 650 | 7 | |a ULTIMA CENA |2 CL-VaPUC |9 315102 | |
| 650 | 0 | |a Nuevo testamento |9 257604 | |
| 650 | 0 | |a Biblia |9 257603 | |
| 650 | 0 | |a Textos sagrados |9 257605 | |
| 650 | 7 | |a SERMONES |2 CL-VaPUC |9 317687 | |
| 650 | 7 | |a COMENTARIOS |2 CL-VaPUC |9 313567 | |
| 583 | |a last modification |c 20030530 00:00:00 |k Rodrigo Vera | ||
| 999 | |c 303976 |d 303974 | ||
| 952 | |0 0 |1 0 |4 0 |6 232_958000000000000_BOV_1951 |7 0 |8 A |9 365666 |a BIBTEO |b BIBTEO |d 2019-11-21 |i 3909670 |o 232.958 BOV 1951 |p 3909670 |r 2025-01-17 |w 2019-11-21 |y BK |k ICR | ||
| 952 | |0 0 |1 0 |4 0 |6 232_958000000000000_BOV_1951 |7 0 |8 A |9 365667 |a BIBTEO |b BIBTEO |d 2019-11-21 |i 2078937 |o 232.958 BOV 1951 |p 2078937 |r 2025-01-17 |w 2019-11-21 |y BK |k ICR | ||
| 952 | |0 0 |1 0 |4 0 |6 232_958000000000000_BOV_1951 |7 0 |8 A |9 365668 |a BIBTEO |b BIBTEO |d 2019-11-21 |i 4245024 |o 232.958 BOV 1951 |p 4245024 |r 2025-01-17 |w 2019-11-21 |y BK |k ICR | ||